000 00250nam a2200097Ia 4500
001 709969
005 20250826162740.0
008 250824s9999 xx 000 0 und d
245 0 _aAÇ GÖZLÜ TURNA BALIĞI
_cANGEL KARALİYÇEV
260 _bCAN YAYINLARI
999 _c709969
_d709969